000 00792nam a22002897a 4500
001 BR2011001113
003 BR-BrBNA
005 20230928103508.0
007 ta
008 230509b bl.||||| |||| 00| 0 por d
040 _aBR-BrBNA
_bpor
_cBiblioteca Nacional de Agricultura
041 _a(Por)
072 _aS40
_b0600
_b9110
090 _ 0600 BR2011001113
110 1 _aAssociação Brasileira de Produtores de maçã, Fraiburgo, SC (Brasil)
245 1 _aPrograma nacional frutas na escola
260 3 _aFraiburgo, SC (Brasil):
_c[nd].
300 _avp.
650 _aFRUTA
650 _aLEGUME
650 _aALIMENTO
650 _aESCOLA
650 _aPROGRAMA DE NUTRIÇÃO
650 _aPOLÍTICA GOVERNAMENTAL
909 _a202309
_bLucia
_c55
_dLucia Elande
942 _cBK
999 _c75364
_d75364